| 000 | 00828nam a2200301Ia 4500 | ||
|---|---|---|---|
| 008 | 180803s9999 xx 000 0 und d | ||
| 020 | _a9780439085731 | ||
| 050 | _bB496 1999 | ||
| 100 | _aBerger, Melvin | ||
| 245 | 0 | _aCan it rain cats and dogs? : | |
| 245 | 0 | _bquestions & answers about weather / | |
| 245 | 0 | _cby Melvin Berger and Gilda Berger ; ilustrated by Robert Sullivan. | |
| 260 | _aBroadway, New York : | ||
| 260 | _bScholastic, | ||
| 260 | _c1999 | ||
| 300 | _a48 pages : | ||
| 300 | _bcolored ; | ||
| 300 | _c20cm. | ||
| 500 | _a710 | ||
| 650 | _aJuvenile nonfiction -- | ||
| 650 | _aQuestions and answers. | ||
| 650 | _aWeather -- Miscellanea -- | ||
| 650 | _xGeneral. | ||
| 650 | _xJuvenile Literature. | ||
| 700 | _aBerger, Gilda. | ||
| 700 | _aSullivan, Robert. | ||
| 700 | _aTitle. | ||
| 999 |
_c358304 _d358304 |
||